First Sino-Japanese War People by Picture - Statistics

General Stats
  • This quiz has been taken 10 times
    9 since last reset
  • The average score is 6 of 21
Answer Stats
Picture Hint Answer % Correct
Empire of Japan Emperor Meiji
88%
Empire of Japan Ito Hirobumi
63%
Great Qing Empress Dowager Cixi
50%
Great Qing Yuan Shikai
50%
Great Qing Emperor Guangxu
38%
Joseon King Gojong
38%
Empire of Japan Yamagata Aritomo
38%
Great Qing Ding Ruchang
25%
Empire of Japan Katsura Taro
25%
Empire of Japan Nogi Maresuke
25%
Empire of Japan Oyama Iwao
25%
Empire of Japan Ito Sukeyuki
13%
Joeson Jeon Bong-jun
13%
Joseon Kim Gae-nam
13%
Joseon Kim Ok-kyun
13%
Empire of Japan Kodama Gentaro
13%
Great Qing Li Hongzhang
13%
Great Qing Liu Kunyi
13%
Empire of Japan Nozu Michitsura
13%
Joseon Queen Min
13%
Great Qing Song Qing
13%
No matching quizzes found
Score Distribution
Percent of People with Each Score
Percentile by Number Answered
Your Score History
You have not taken this quiz since the last reset